Professional C# 2012 and .NET 4.5 / (Record no. 35233)
[ view plain ]
| 000 -LEADER | |
|---|---|
| fixed length control field | 00483nam a22001577a 4500 |
| 005 - DATE AND TIME OF LATEST TRANSACTION | |
| control field | 20240305165647.0 |
| 008 - FIXED-LENGTH DATA ELEMENTS--GENERAL INFORMATION | |
| fixed length control field | 240305b |||||||| |||| 00| 0 eng d |
| 020 ## - INTERNATIONAL STANDARD BOOK NUMBER | |
| ISBN | 97811183144425 |
| 245 ## - TITLE STATEMENT | |
| Title | Professional C# 2012 and .NET 4.5 / |
| Statement of responsibility, etc. | Bill Evjen, Jay Glynn, Karli Watson, Morgan Skinner |
| 260 ## - PUBLICATION, DISTRIBUTION, ETC. | |
| Place of Publication | USA: |
| Name of publisher, distributor, etc. | John Wiley |
| Date of publication, distribution, etc. | 2013. |
| 300 ## - PHYSICAL DESCRIPTION | |
| Pages | xlvvii,1522 p .: |
| 500 ## - GENERAL NOTE | |
| General note | Include index. |
| 650 ## - SUBJECT ADDED ENTRY--TOPICAL TERM | |
| Subject / Department | computer science/programming |
| 700 ## - ADDED ENTRY--PERSONAL NAME | |
| Personal name | Bill Evjen |
| 300 ## - PHYSICAL DESCRIPTION | |
| -- | ill, |
| -- | 23 cm. |
| 952 ## - LOCATION AND ITEM INFORMATION (KOHA) | |
| -- | 0 |
| -- | 0 |
| 952 ## - LOCATION AND ITEM INFORMATION (KOHA) | |
| -- | 0 |
| -- | 0 |
| 952 ## - LOCATION AND ITEM INFORMATION (KOHA) | |
| -- | 0 |
| -- | 0 |
| 952 ## - LOCATION AND ITEM INFORMATION (KOHA) | |
| -- | 0 |
| -- | 0 |
| Lost status | Damaged status | Collection code | Permanent Location | Current Location | Shelving Location | Date acquired | Full Call Number | Accession No./Barcode | Date last seen | Copy number | item type | Koha item type |
|---|---|---|---|---|---|---|---|---|---|---|---|---|
| CS/IT | Superior Information Resource Center (SIRC) Superior University- Gold Campus | Superior Information Resource Center (SIRC) Superior University- Gold Campus | Programming | 07/26/2024 | 005.133 NAG-P 2013 | 16835 | 07/26/2024 | 4 | BOOK | BOOK | ||
| CS/IT | Superior Information Resource Center (SIRC) Superior University- Main Campus | Superior Information Resource Center (SIRC) Superior University- Main Campus | Programming | 03/05/2024 | 005.133 NAG-P 2013 | 16834 | 03/05/2024 | 1 | BOOK | BOOK | ||
| CS/IT | Superior Information Resource Center (SIRC) Superior University- Main Campus | Superior Information Resource Center (SIRC) Superior University- Main Campus | Programming | 03/05/2024 | 005.133 NAG-P 2013 | 16836 | 03/05/2024 | 2 | BOOK | BOOK | ||
| CS/IT | Superior Information Resource Center (SIRC) Superior University- Main Campus | Superior Information Resource Center (SIRC) Superior University- Main Campus | Programming | 03/05/2024 | 005.133 NAG-P 2013 | 16837 | 03/05/2024 | 3 | BOOK | BOOK |
